Name these polygons & polyhedra - Statistics

General Stats
  • This quiz has been taken 54 times
  • The average score is 8 of 15
Answer Stats
Picture Answer % Correct
Triangle
100%
Square
96%
Pentagon
80%
Cube
68%
Dragon
60%
Octogon
56%
Tetrahedron
56%
Octahedron
52%
Cauldron
48%
Dodecahedron
44%
Waggon
36%
Gorgon
28%
Hadron
24%
Squadron
20%
Estragon
16%
No matching quizzes found
Score Distribution
Percent of People with Each Score
Percentile by Number Answered
Your Score History
You have not taken this quiz